=LDR 00000nam 2200000 4500 =001 NUTBA000000000005603 =005 20141104112055.0 =006 =007 =008 =035 ##$$a 0010-111400000000082 =040 ##$$a NBPDMAT =082 ##$$a 959.807 6 =090 ##$$a 959.807 6 $bAri l =100 ##$$a Ariesti Praptiwi =245 ##$$a LKS utam Sejarah Program IPS untuk SMA dan MA kelas 11 semester 2/ $c Ariesti Praptiwi =250 ##$$a Cet.1 =260 ##$$a Jakarta : $b Widya Utama, $c 2010 =300 ##$$a 64 hlm. : $b ilus. ; $c 29 cm. =650 ##$$a Sejarah Soal dan latihan =850 ##$$a NBPDMAT